Statystyki dla Top 10 najmniejszych stanów USA według powierzchni

Kliknij tutaj aby rozwiązać quiz!

Ogólne statystyki

  • Ten quiz został rozwiązany 47 razy
  • Średni wynik to 7 z 10

Statystyki odpowiedzi

km2Stan% Poprawnych
1,545Rhode Island
86%
10,932Hawaje
77%
8,723New Jersey
77%
9,616Vermont
72%
12,406Maryland
70%
2,489Delaware
67%
5,543Connecticut
65%
9,349New Hampshire
65%
10,554Massachusetts
58%
24,230Wirginia Zachodnia
26%

Rozkład punktacji

Percentyl według liczby udzielonych odpowiedzi

Procent ludzi z każdym wynikiem

Twoja historia wyników

Nie rozwiązałeś tego quizu